<?xml version="1.0" encoding="UTF-8"?><marc:collection xmlns:marc="http://www.loc.gov/MARC21/slim">
  <marc:record>
    <marc:leader>00000nam##2200000za#4500</marc:leader>
    <marc:controlfield tag="001">9.615380</marc:controlfield>
    <marc:controlfield tag="003">CaOODSP</marc:controlfield>
    <marc:controlfield tag="005">20200401042230</marc:controlfield>
    <marc:controlfield tag="007">ta</marc:controlfield>
    <marc:controlfield tag="008">150406|2000||||xxc|||||     f|0| 0 eng|d</marc:controlfield>
    <marc:datafield tag="040" ind1=" " ind2=" ">
      <marc:subfield code="a">CaOODSP</marc:subfield>
      <marc:subfield code="b">eng</marc:subfield>
    </marc:datafield>
    <marc:datafield tag="043" ind1=" " ind2=" ">
      <marc:subfield code="a">n-cn---</marc:subfield>
    </marc:datafield>
    <marc:datafield tag="086" ind1="1" ind2=" ">
      <marc:subfield code="a">FA1-2000/2E</marc:subfield>
    </marc:datafield>
    <marc:datafield tag="110" ind1="1" ind2=" ">
      <marc:subfield code="a">Canada. </marc:subfield>
      <marc:subfield code="b">Office of the Auditor General.</marc:subfield>
    </marc:datafield>
    <marc:datafield tag="245" ind1="1" ind2="0">
      <marc:subfield code="a">Volume 2, October 2000 </marc:subfield>
    </marc:datafield>
    <marc:datafield tag="260" ind1=" " ind2=" ">
      <marc:subfield code="a">Ottawa - Ontario : </marc:subfield>
      <marc:subfield code="b">Office of the Auditor General of Canada </marc:subfield>
      <marc:subfield code="c">2000.</marc:subfield>
    </marc:datafield>
    <marc:datafield tag="300" ind1=" " ind2=" ">
      <marc:subfield code="a">8 volumes, in a case set. : </marc:subfield>
      <marc:subfield code="b">figs., graphs, tables ; </marc:subfield>
      <marc:subfield code="c">29 cm.</marc:subfield>
    </marc:datafield>
    <marc:datafield tag="490" ind1="1" ind2=" ">
      <marc:subfield code="a">Report of the Auditor General of Canada to the House of Commons, 2000 </marc:subfield>
    </marc:datafield>
    <marc:datafield tag="500" ind1=" " ind2=" ">
      <marc:subfield code="a">Contents: Foreword and Main points.--Chapter 10: Transport Canada: airport transfers: national airports system.--Chapter 11: Human Resources Development Canada: grants and contributions.--Chapter 12: Values and ethics in the federal public sector.--Chapter 13: Assessment of financial management capabilities in departments.--Chapter 14: Canadian International Development Agency: managing contracts and contribution agreements.--Chapter 15: Health Canada: First Nations health: follow-up.--Other observations: Chapter 16: Follow-up of recommendations in previous reports; Chapter 17: Other Auditor observations.</marc:subfield>
    </marc:datafield>
    <marc:datafield tag="563" ind1=" " ind2=" ">
      <marc:subfield code="a">Softcover</marc:subfield>
    </marc:datafield>
    <marc:datafield tag="590" ind1=" " ind2=" ">
      <marc:subfield code="a">00-44</marc:subfield>
      <marc:subfield code="b">2000-11-03</marc:subfield>
    </marc:datafield>
    <marc:datafield tag="690" ind1="0" ind2="7">
      <marc:subfield code="a">Public accounts</marc:subfield>
      <marc:subfield code="2">gcpds</marc:subfield>
    </marc:datafield>
    <marc:datafield tag="775" ind1="0" ind2="8">
      <marc:subfield code="t">Volume 2, octobre 2000 </marc:subfield>
      <marc:subfield code="w">(CaOODSP)9.625474</marc:subfield>
    </marc:datafield>
    <marc:datafield tag="776" ind1="0" ind2="#">
      <marc:subfield code="t">Report of the Auditor General of Canada. Chapter 10, : </marc:subfield>
      <marc:subfield code="w">(CaOODSP)9.572418</marc:subfield>
    </marc:datafield>
    <marc:datafield tag="776" ind1="0" ind2="#">
      <marc:subfield code="t">Report of the Auditor General of Canada. Chapter 11, : </marc:subfield>
      <marc:subfield code="w">(CaOODSP)9.572419</marc:subfield>
    </marc:datafield>
    <marc:datafield tag="776" ind1="0" ind2="#">
      <marc:subfield code="t">Report of the Auditor General of Canada. Chapter 12, : </marc:subfield>
      <marc:subfield code="w">(CaOODSP)9.572420</marc:subfield>
    </marc:datafield>
    <marc:datafield tag="776" ind1="0" ind2="#">
      <marc:subfield code="t">Report of the Auditor General of Canada. Chapter 13, : </marc:subfield>
      <marc:subfield code="w">(CaOODSP)9.572421</marc:subfield>
    </marc:datafield>
    <marc:datafield tag="776" ind1="0" ind2="#">
      <marc:subfield code="t">Report of the Auditor General of Canada. Chapter 14, : </marc:subfield>
      <marc:subfield code="w">(CaOODSP)9.572422</marc:subfield>
    </marc:datafield>
    <marc:datafield tag="776" ind1="0" ind2="#">
      <marc:subfield code="t">Report of the Auditor General of Canada. Chapter 15, : </marc:subfield>
      <marc:subfield code="w">(CaOODSP)9.572423</marc:subfield>
    </marc:datafield>
    <marc:datafield tag="776" ind1="0" ind2="#">
      <marc:subfield code="t">Report of the Auditor General of Canada. Chapter 16, : </marc:subfield>
      <marc:subfield code="w">(CaOODSP)9.572424</marc:subfield>
    </marc:datafield>
    <marc:datafield tag="776" ind1="0" ind2="#">
      <marc:subfield code="t">Report of the Auditor General of Canada. Chapter 17, : </marc:subfield>
      <marc:subfield code="w">(CaOODSP)9.572426</marc:subfield>
    </marc:datafield>
    <marc:datafield tag="830" ind1="#" ind2="0">
      <marc:subfield code="a">Report of the Auditor General of Canada to the House of Commons, 2000.</marc:subfield>
      <marc:subfield code="w">(CaOODSP)9.514620</marc:subfield>
    </marc:datafield>
  </marc:record>
</marc:collection>
